000 00920cam a2200193 4500
001 WB3934-21
008 030911n2003 000 0 eng u
035 _a(Sirsi) u123561
245 _aUpdating the english indices of deprivation 2000
260 _c2003
490 _aPlanning (for the Natural and Built Environment)
_v29 August 2003, 2(1)
520 _aIn a proposal to update the Indices of Deprivation 2000, the ODPM seeks to replace council wards with small areas known as 'super output areas' when calculating deprivation for the purpose of allocating funding. Crime is also proposed as an indicator, along with air quality and road accidents. Comments by 14 November 2003. Consultation paper at http://www.neighbourhood.gov.uk/indices.asp#blueprint
590 _aWB
650 _aDEPRIVATION
650 _aGOVERNMENT FUNDING
650 _aREGENERATION SCHEMES
690 _aREGENERATION
942 _n0
999 _c73392
_d73392